| 000 | 01104nam a2200265Ia 4500 | ||
|---|---|---|---|
| 999 |
_c53674 _d53674 |
||
| 001 | 20721 | ||
| 003 | GE_BSU | ||
| 005 | 20210308215646.0 | ||
| 008 | 181216s2015||||xx |||||||||||||| ||eng|| | ||
| 020 | _a9782875742308 | ||
| 040 | _cGE_BSU | ||
| 041 | _aeng | ||
| 080 | _a327 T-44 | ||
| 245 | 4 |
_aThe External Relations of the European Union : _bHistorical and Contemporary Perspectives / _cEdited by Pascaline Winand, Andrea Benvenuti and Max Guderzo. |
|
| 264 |
_aBrussels : _bPeter Lang, _c2015. |
||
| 300 |
_a402 p.; _c22 cm. |
||
| 541 | _h123 Gel. | ||
| 653 | _aThe External Relations of the European Union | ||
| 653 | _a Historical and Contemporary Perspectives | ||
| 653 | _aВнешние отношения Европейского Союза | ||
| 653 | _aисторические и современные перспективы | ||
| 653 | _aევროკავშირის საგარეო ურთიერთობები | ||
| 653 | _a ისტორიული და თანამედროვე პერსპექტივები | ||
| 942 |
_cBK _2udc |
||